Normal view
MARC view
- Horror fiction
Entry Genre/Form Term
001 - CONTROL NUMBER
- control field: 153762
003 - CONTROL NUMBER IDENTIFIER
- control field: DLC
005 - DATE AND TIME OF LATEST TRANSACTION
- control field: 20260417120610.0
008 - FIXED-LENGTH DATA ELEMENTS
- fixed length control field: 141201|| anznnbabn |a ana c
010 ## - LIBRARY OF CONGRESS CONTROL NUMBER
- LC control number: gf2014026373
040 ## - CATALOGING SOURCE
- Original cataloging agency: IlChALCS
- Language of cataloging: eng
- Transcribing agency: DLC
- Subject heading/thesaurus conventions: lcgft
- Modifying agency: DLC
155 ## - HEADING--GENRE/FORM TERM
- Genre/form term: Horror fiction
455 ## - SEE FROM TRACING--GENRE/FORM TERM
- Genre/form term: Scary fiction
455 ## - SEE FROM TRACING--GENRE/FORM TERM
- Genre/form term: Terror fiction
555 ## - SEE ALSO FROM TRACING--GENRE/FORM TERM
- Control subfield: g
- Genre/form term: Fiction
670 ## - SOURCE DATA FOUND
- Source citation: Cuddon, J. A dictionary of literary terms and literary theory, c1998
- Information found: (Horror story: a fictional narrative which shocks or even frightens the reader, and/or perhaps induces a feeling of repulsion or loathing.)
670 ## - SOURCE DATA FOUND
- Source citation: Saricks, J. The reader's advisory guide to genre fiction, c2009
- Information found: (The goal of horror fiction is to produce fear in readers, sometimes through psychology, sometimes through gory details, and its appeal occurs on a very deep emotional level. It contains a monster of some type, and supernatural elements figure prominently. Thus, horror certainly includes stories of ghosts, ghouls, werewolves, and vampires of wide variety. The genre runs the gamut from contemporary tales filled with graphic sex as well as gore, to classics such as Bram Stoker's Dracula, which creates the loathsome vampire, hunted by those who fear him. What is important is the feeling of foreboding that permeates the novels, the sense of unease as we await the unexpected.)
670 ## - SOURCE DATA FOUND
- Source citation: LC database, Nov. 12, 2002
- Information found: (horror fiction; horror stories; scary stories; scary tales; stories of fantasy and horror; horror novels; tales of terror)
680 ## - PUBLIC GENERAL NOTE
- Explanatory text: Fiction that is intended to shock or frighten by inducing feelings of revulsion, terror, or loathing.



